<?xml version="1.0" encoding="UTF-8"?>
<record
    xmlns:xsi="http://www.w3.org/2001/XMLSchema-instance"
    xsi:schemaLocation="http://www.loc.gov/MARC21/slim http://www.loc.gov/standards/marcxml/schema/MARC21slim.xsd"
    xmlns="http://www.loc.gov/MARC21/slim">

  <leader>03244nam a2200301uu 4500</leader>
  <controlfield tag="001">1391125</controlfield>
  <controlfield tag="005">20260508085610.0</controlfield>
  <controlfield tag="008">141110e19851110                    spa  </controlfield>
  <datafield tag="035" ind1=" " ind2=" ">
    <subfield code="a">1391125</subfield>
  </datafield>
  <datafield tag="040" ind1=" " ind2=" ">
    <subfield code="c">comduadb</subfield>
  </datafield>
  <datafield tag="041" ind1=" " ind2=" ">
    <subfield code="a">spa</subfield>
  </datafield>
  <datafield tag="082" ind1=" " ind2="4">
    <subfield code="a">507</subfield>
  </datafield>
  <datafield tag="100" ind1="1" ind2="0">
    <subfield code="a">Galindo Guti&#xE9;rrez, Gladys</subfield>
    <subfield code="4">aut</subfield>
    <subfield code="e">aut</subfield>
    <subfield code="9">689593</subfield>
  </datafield>
  <datafield tag="245" ind1="1" ind2="0">
    <subfield code="a">Ciencia y conocimiento</subfield>
  </datafield>
  <datafield tag="260" ind1=" " ind2=" ">
    <subfield code="a">Bogot&#xE1; :</subfield>
    <subfield code="b">Universidad Santo Tom&#xE1;s,</subfield>
    <subfield code="c">1985.</subfield>
  </datafield>
  <datafield tag="300" ind1=" " ind2=" ">
    <subfield code="a">338 p&#xE1;ginas :</subfield>
    <subfield code="b">ilustraciones</subfield>
  </datafield>
  <datafield tag="505" ind1=" " ind2=" ">
    <subfield code="a">CONTENIDO : Introducci&#xF3;n. -- La ciencia en la antig&#xFC;edad. -- La ciencia en la Edad Media. -- La ciencia en la Modernidad. -- La ciencia en la Edad Contempor&#xE1;nea. -- El problema del conocimiento. -- Elementos del proceso del conocimiento. -- &#xBF;Que es la ciencia?. -- Principios b&#xE1;sicos del conocimiento cient&#xED;fico. -- Caracter&#xED;sticas b&#xE1;sicas de la ciencia. -- Clasificaci&#xF3;n de la ciencia. -- Impacto de la ciencia en la sociedad. -- Ciencia-tecnolog&#xED;a y necesidades. -- Ciencia-poder pol&#xED;tico y econ&#xF3;mico. -- Origen del atraso cient&#xED;tico. -- Sociedad y ciencia social en Latinoam&#xE9;rica. -- Autoevaluaci&#xF3;n general. -- Conclusiones. -- Bibliograf&#xED;a.</subfield>
  </datafield>
  <datafield tag="520" ind1="3" ind2=" ">
    <subfield code="a">En esta obra se plantea c&#xF3;mo lo caracter&#xED;stico del hombre es ser sujeto, un yo consciente de un mundo de seres y de cosas que lo rodean. Se capta a s&#xED; mismo como una unidad permanente a trav&#xE9;s de todos los cambio de su existencia. El hombre sabe que existe y que existe en el mundo; el animal se limita a vivir en intercambio con la realidad que lo circunda.
De este car&#xE1;cter fundamental en el homrbe se deriva el que su saber o su conocimiento no sea un accidente, sino fundamento. En la &#xE9;poca primitiva su conocimiento adquiere un car&#xE1;cter confuso a partir de im&#xE1;genes que provienen de la imaginaci&#xF3;n, del miedo, del terror, de sus aspiraciones. M&#xE1;s tarde, en Grecia, este conocimiento primitivo se convierte en un saber  reflexivo, cr&#xED;tico, en una disciplina. Un saber que supone una distancia y un m&#xE9;todo con criterios y conciencia.
En esta obra se hace un recorrido anal&#xED;tico del camino seguido por el conocimiento reflexivo y met&#xF3;dico en Occidente, desde los griegos hasta el momento actual. Se plantean y analizan los diferentes esfuerzos que ha hecho el hombre para acercarse a la realidad, incluido el conocimiento cient&#xED;fico y el problema de la clasificaci&#xF3;n de las ciencias.
No pod&#xED;a dejar te tratarse el proceso de penetraci&#xF3;n del saber cient&#xED;gico occidental en Am&#xE9;rica Latina, el problema de la aculturaci&#xF3;n y los temas relacionados con el saber cient&#xED;fico al servicio del poder.
Se trata, por &#xFA;ltimo, la relaci&#xF3;n ciencia sociedad subdesarrollada y dependiente, el papel de la ciencia como motor del desarrollo integral y el problema de las ciencias sociales como reflejo del desarrollo hist&#xF3;rico de nuestros problemas socioecon&#xF3;micos.</subfield>
  </datafield>
  <datafield tag="650" ind1=" " ind2=" ">
    <subfield code="a">Conocimiento cient&#xED;fico</subfield>
    <subfield code="9">57311</subfield>
  </datafield>
  <datafield tag="650" ind1=" " ind2="7">
    <subfield code="a">Ciencia y tecnolog&#xED;a</subfield>
    <subfield code="2">lemb</subfield>
    <subfield code="9">44988</subfield>
  </datafield>
  <datafield tag="650" ind1=" " ind2="7">
    <subfield code="a">Ciencia y pol&#xED;tica</subfield>
    <subfield code="2"></subfield>
    <subfield code="9">31661</subfield>
  </datafield>
  <datafield tag="650" ind1=" " ind2=" ">
    <subfield code="a">Ciencia y econom&#xED;a</subfield>
    <subfield code="9">90871</subfield>
  </datafield>
  <datafield tag="650" ind1=" " ind2="7">
    <subfield code="a">Ciencia</subfield>
    <subfield code="x">Ense&#xF1;anza</subfield>
    <subfield code="2">lemb</subfield>
    <subfield code="9">3024</subfield>
  </datafield>
  <datafield tag="650" ind1=" " ind2="7">
    <subfield code="a">Ciencia y civilizaci&#xF3;n</subfield>
    <subfield code="2">lemb</subfield>
    <subfield code="9">38345</subfield>
  </datafield>
  <datafield tag="650" ind1=" " ind2="7">
    <subfield code="a">Ciencia</subfield>
    <subfield code="x">Historia</subfield>
    <subfield code="2">lemb</subfield>
    <subfield code="9">91485</subfield>
  </datafield>
  <datafield tag="700" ind1="1" ind2="0">
    <subfield code="a">Fl&#xF3;rez M&#xE1;rquez, Carlos J.</subfield>
    <subfield code="4">aut</subfield>
    <subfield code="e">aut</subfield>
    <subfield code="9">684279</subfield>
  </datafield>
  <datafield tag="942" ind1=" " ind2=" ">
    <subfield code="c">BOOK</subfield>
  </datafield>
  <datafield tag="999" ind1=" " ind2=" ">
    <subfield code="c">695488</subfield>
    <subfield code="d">695488</subfield>
  </datafield>
  <datafield tag="952" ind1=" " ind2=" ">
    <subfield code="0">0</subfield>
    <subfield code="1">0</subfield>
    <subfield code="4">0</subfield>
    <subfield code="7">0</subfield>
    <subfield code="8">GEN</subfield>
    <subfield code="a">BC</subfield>
    <subfield code="b">BC</subfield>
    <subfield code="d">2014-11-10</subfield>
    <subfield code="e">Material adquirido por donaci&#xF3;n</subfield>
    <subfield code="g">28000.00</subfield>
    <subfield code="i">C1216810</subfield>
    <subfield code="l">0</subfield>
    <subfield code="o">507 G158</subfield>
    <subfield code="p">0999792</subfield>
    <subfield code="r">2023-11-03 00:00:00</subfield>
    <subfield code="t">1</subfield>
    <subfield code="w">2023-05-03</subfield>
    <subfield code="y">BOOK</subfield>
  </datafield>
  <datafield tag="952" ind1=" " ind2=" ">
    <subfield code="0">0</subfield>
    <subfield code="1">0</subfield>
    <subfield code="4">0</subfield>
    <subfield code="7">0</subfield>
    <subfield code="8">GEN</subfield>
    <subfield code="a">BC</subfield>
    <subfield code="b">BC</subfield>
    <subfield code="d">2014-11-21</subfield>
    <subfield code="e">Material adquirido por donaci&#xF3;n</subfield>
    <subfield code="g">32000.00</subfield>
    <subfield code="i">C1217718</subfield>
    <subfield code="l">0</subfield>
    <subfield code="o">507 G158 e2</subfield>
    <subfield code="p">01003266</subfield>
    <subfield code="r">2023-10-23 00:00:00</subfield>
    <subfield code="t">1</subfield>
    <subfield code="w">2023-05-03</subfield>
    <subfield code="y">BOOK</subfield>
  </datafield>
</record>
